000 00317 a2200145 4500
001 176773
020 _a
040 _cMagnum
100 _aDias, Edna Cardozo
240 1 0 _aO liberticidio dos animais
_lpor
245 1 0 _aO liberticidio dos animais
362 0 _a1899
697 _aMAGNITO: ECOLOGIA
942 _cBK
999 _c176773
_d176773